000 00499nam a2200181Ia 4500
005 20250326125456.0
008 250326s9999 xx 000 0 und d
037 _aTextbook
040 _aFMSL
_beng
_cFMSL
041 _aeng
_2eng
084 _aY:4(X).44 L1
_qFMSL
100 _aMadan G R
245 0 _aSocial change and problems of development in India
_cMadan G R
260 _aNd
_bNd, Allied
_c1971
300 _a142p
942 _cTB
_hY:4(X).44 L1
999 _c1278225
_d1278225